[Event "Women's Speed Chess Q2"]
[Site "chess.com INT"]
[Date "2021.05.29"]
[Round "1"]
[White "Kanyamarala, Trisha"]
[Black "Kiran, Manisha Mohanty"]
[Result "0-1"]
[WhiteTitle "WIM"]
[BlackTitle "WGM"]
[WhiteElo "2180"]
[BlackElo "2168"]
[WhiteFideId "45004722"]
[BlackFideId "5019575"]
[EventDate "2021.05.29"]

1. d4 Nf6 2. c4 g6 3. Nc3 d5 4. cxd5 Nxd5 5. e4 Nxc3 6. bxc3 Bg7 7. Nf3 O-O 8.
Be3 c5 9. Rc1 Nc6 10. Be2 Qa5 11. Qd2 Rd8 12. d5 e6 13. O-O exd5 14. exd5 Bg4
15. h3 Bxf3 16. Bxf3 Ne5 17. Be2 c4 18. Rfd1 Rac8 19. Bg5 Rd6 20. Be7 Rd7 21. d6
b5 22. f4 Nc6 23. Bg4 f5 24. Qd5+ Kh8 25. Qe6 Qb6+ 26. Kh1 Qb7 27. Bf3 Re8 28.
Re1 a6 29. Qf7 Rf8 30. Qd5 Rc8 31. Qe6 Qa7 32. h4 Nxe7 33. dxe7 Re8 34. Qf7
Rexe7 35. Rxe7 Rxe7 36. Qd5 h5 37. Qd8+ Kh7 38. Rd1 Qc7 39. Qd5 Qxf4 40. Qd8
Qxh4+ 41. Kg1 Re1+ 42. Rxe1 Qxd8 43. Rd1 Qb6+ 44. Kf1 Bxc3 45. Rc1 Be5 46. Rd1
Bg3 47. Rd7+ Kh6 48. Ke2 Qf2+ 49. Kd1 Qxa2 50. Bd5 Qa1+ 51. Ke2 Qe5+ 52. Kd1 h4
53. Bg8 a5 54. Rh7+ Kg5 55. Bf7 Qd6+ 0-1

[Event "Women's Speed Chess Q2"]
[Site "chess.com INT"]
[Date "2021.05.29"]
[Round "1"]
[White "Socko, Monika"]
[Black "Bommini, Mounika Akshaya"]
[Result "0-1"]
[WhiteTitle "GM"]
[BlackTitle "WFM"]
[WhiteElo "2421"]
[BlackElo "2029"]
[WhiteFideId "1106619"]
[BlackFideId "25019872"]
[EventDate "2021.05.29"]

1. c4 f5 2. Nc3 Nf6 3. d4 e6 4. g3 c6 5. Bg2 d5 6. Nf3 Bd6 7. O-O O-O 8. b3 Nbd7
9. a4 dxc4 10. bxc4 e5 11. c5 Bc7 12. Qb3+ Kh8 13. Ng5 exd4 14. Ne6 Nxc5 15.
Nxc5 dxc3 16. Ba3 Qe8 17. Rad1 b6 18. Nd3 Be6 19. Qxc3 Ne4 20. Qb2 Rf7 21. Ne5
Bxe5 22. Qxe5 Bd5 23. Qb2 Rd8 24. Rfe1 c5 25. f3 Nf6 26. Qc3 Bc6 27. Bb2 Rfd7
28. Rxd7 Qxd7 29. Qc2 Nd5 30. e4 fxe4 31. fxe4 Nb4 32. Qc3 Qd4+ 33. Qxd4 cxd4
34. Rd1 Bxa4 35. Rd2 d3 36. Bc3 Nc2 37. Bf1 Bb5 38. e5 Ne3 39. Bh3 Nc4 40. Rd1
d2 41. Bg4 Ne3 42. Rxd2 Rxd2 43. Bxd2 Nxg4 44. Kg2 Nxe5 45. Kf2 Nc4 46. Bc3 Kg8
47. Kf3 g6 48. Ke4 Kf7 49. Kd4 Ke6 50. h4 a5 51. g4 a4 52. Bb4 Nd6 53. Ba3 Bc6
54. h5 Bd5 55. h6 b5 56. g5 Nc4 57. Bc1 a3 58. Kc3 a2 59. Bb2 Nxb2 60. Kxb2 Kf5 0-1

[Event "Women's Speed Chess Q2"]
[Site "chess.com INT"]
[Date "2021.05.29"]
[Round "1"]
[White "Vantika, Agrawal"]
[Black "Samaganova, Alexandra"]
[Result "1-0"]
[WhiteTitle "WIM"]
[BlackTitle "WFM"]
[WhiteElo "2286"]
[BlackElo "1993"]
[WhiteFideId "25050389"]
[BlackFideId "13800221"]
[EventDate "2021.05.29"]

1. d4 Nf6 2. c4 e6 3. g3 d5 4. Bg2 Be7 5. Nf3 O-O 6. O-O c6 7. Qc2 b6 8. b3 Bb7
9. Rd1 Nbd7 10. Nc3 h6 11. e4 dxe4 12. Nxe4 Nxe4 13. Qxe4 Nf6 14. Qc2 Qc8 15.
Ne5 Nd7 16. Ng4 f5 17. Ne3 Bf6 18. Bb2 Qc7 19. c5 b5 20. a4 a6 21. b4 Rfd8 22.
Qb3 Nf8 23. Nxf5 Rd7 24. Nd6 Rxd6 25. cxd6 Qxd6 26. axb5 axb5 27. Rxa8 Bxa8 28.
Ra1 Bb7 29. Ra7 Qb8 30. Qa2 Be7 31. Bc3 Bf6 32. Be4 Kh8 33. h4 Nd7 34. Kg2 Nb6
35. Bd2 Nc4 36. Bf4 Qc8 37. Bf3 Bxd4 38. Ra3 e5 39. Bc1 c5 40. bxc5 Bxf3+ 41.
Rxf3 Qxc5 42. Qe2 Qd5 43. Bd2 e4 44. Rf8+ Kh7 45. Be1 e3+ 46. f3 Ne5 47. Qc2+ g6
48. Qc7+ Qd7 49. Qxd7+ Nxd7 50. Rf7+ Kg8 51. Rxd7 Bc5 52. Rc7 Bd4 53. Rd7 Bc5
54. Rd5 Ba7 55. Rxb5 Bd4 56. Kf1 Bf6 57. Ke2 g5 58. hxg5 hxg5 59. Kxe3 Kg7 60.
Ke4 Ba1 61. Kf5 Kf7 62. Kxg5 Ke6 63. f4 Bd4 64. f5+ Kf7 65. Rb7+ Kf8 66. Kg6 Ke8
67. f6 Be5 68. f7+ Kd8 69. f8=Q# 1-0

[Event "Women's Speed Chess Q2"]
[Site "chess.com INT"]
[Date "2021.05.29"]
[Round "1"]
[White "Avramidou, Anastasia"]
[Black "Vargas, Gabriela"]
[Result "1-0"]
[WhiteTitle "FM"]
[BlackTitle "WIM"]
[WhiteElo "2238"]
[BlackElo "2170"]
[WhiteFideId "4239873"]
[BlackFideId "3700860"]
[EventDate "2021.05.29"]

1. d4 d5 2. c4 e6 3. Nc3 c6 4. e3 Bd6 5. Nf3 f5 6. Bd3 Nf6 7. Ne5 Nbd7 8. f4 O-O
9. b3 Ne4 10. Nxe4 fxe4 11. Be2 Nf6 12. O-O Bd7 13. a4 Qe7 14. Bb2 Rac8 15. Qc1
b6 16. Ba3 Bxa3 17. Qxa3 Qxa3 18. Rxa3 c5 19. cxd5 exd5 20. Nxd7 Nxd7 21. Bg4
Rcd8 22. a5 Nf6 23. Be6+ Kh8 24. axb6 axb6 25. Ra6 Rd6 26. f5 cxd4 27. exd4 Rfd8
28. Rc1 g6 29. Rc7 Ne8 30. Rb7 Ng7 31. Raa7 Nxe6 32. Rxh7+ Kg8 33. fxe6 Rxe6 34.
Rag7+ Kf8 35. Rb7 Kg8 36. Kf2 e3+ 37. Ke2 Rc8 38. Rhc7 Ra8 39. Ra7 Rxa7 40. Rxa7
Re4 41. Ra4 Kf7 42. Rb4 Re6 43. Rb5 Rf6 44. Kxe3 Rc6 45. Kd3 Rd6 46. Rb4 Ke6 47.
Ra4 Kf5 48. Ra2 g5 49. Rf2+ Kg6 50. Re2 Rc6 51. Re5 Rd6 52. Kc3 Kf6 53. Kb4 g4
54. Kb5 Kg6 55. Re3 Kf5 56. g3 Kf6 57. Rc3 Kf5 58. Re3 Kf6 59. Re8 Kf5 60. b4
Rh6 61. Re5+ Kf6 62. Rxd5 Rxh2 63. Kxb6 Rg2 64. Rd6+ Ke7 65. Rg6 Rxg3 66. b5 Rd3
67. Rxg4 Kd6 68. Rg6+ Kd7 69. Rg4 Rc3 70. Kb7 Rc7+ 71. Ka6 Rc1 72. b6 Ra1+ 73.
Kb7 Rb1 74. Rg7+ Kd8 75. Rg6 Kd7 76. Kb8 Rb5 77. b7 Rf5 78. Ka7 Ra5+ 79. Ra6
Rxa6+ 80. Kxa6 Kc7 81. Ka7 Kd6 82. b8=N 1-0

[Event "Women's Speed Chess Q2"]
[Site "chess.com INT"]
[Date "2021.05.29"]
[Round "1"]
[White "Nomin-Erdene, Davaademberel"]
[Black "Obregon Garcia, Roxangel"]
[Result "0-1"]
[WhiteTitle "IM"]
[BlackTitle "WIM"]
[WhiteElo "2382"]
[BlackElo "2167"]
[WhiteFideId "4900782"]
[BlackFideId "3520420"]
[EventDate "2021.05.29"]

1. f4 d5 2. Nf3 g6 3. g3 Bg7 4. Bg2 c5 5. O-O Nc6 6. d3 e6 7. c3 h5 8. Qe1 Nge7
9. e4 O-O 10. Na3 b6 11. e5 Ba6 12. Qe2 Rc8 13. Be3 d4 14. cxd4 cxd4 15. Bf2 Nf5
16. Rfd1 Qd7 17. h3 Rfd8 18. g4 hxg4 19. hxg4 Nfe7 20. Nd2 Nd5 21. Qf3 Ne3 22.
Bxe3 dxe3 23. Ndc4 e2 24. Qxe2 Qd4+ 25. Qf2 Nb4 26. Nd6 Qxf2+ 27. Kxf2 Nxd3+ 28.
Ke3 Nxb2 29. Rd2 Rc3+ 30. Kf2 Nd3+ 31. Rxd3 Rxd3 32. Nab5 Bxb5 33. Nxb5 Rd2+ 34.
Kg3 R8d3+ 35. Bf3 Bf8 36. f5 Bc5 37. fxe6 Bf2+ 38. Kf4 Be3+ 39. Ke4 fxe6 40. Be2
Rd5 41. Kxe3 Rb2 42. Nd4 Rxe5+ 43. Kd3 b5 44. Rc1 b4 45. Rc7 Rxa2 46. Bf3 b3 47.
Nxb3 Ra3 48. Rb7 a5 49. Be4 a4 50. Bxg6 Rxb3+ 51. Rxb3 axb3 52. Kc3 Rg5 53. Bd3
Rxg4 54. Kxb3 Rg3 55. Kc4 Kf7 56. Kd4 Kf6 57. Ke4 e5 58. Bb5 Rg4+ 59. Ke3 Rf4
60. Bc6 Rb4 61. Bd5 Kf5 62. Bc6 e4 63. Bd7+ Ke5 64. Bc6 Rb3+ 65. Ke2 Kd4 66. Bd7
Rb2+ 67. Ke1 Ke3 68. Kd1 Kf3 69. Bc6 Kf4 70. Ke1 Rh2 71. Kf1 e3 72. Ke1 Rb2 73.
Kf1 Ke5 74. Ke1 Kd4 75. Be8 Kd3 76. Bg6+ Kd4 77. Kf1 e2+ 78. Ke1 Ke3 79. Bc2 Ra2
80. Bb1 Ra6 81. Bd3 Rh6 82. Be4 Kxe4 83. Kxe2 Rh2+ 84. Kf1 Kf3 85. Kg1 Ra2 86.
Kh1 Kg3 0-1

[Event "Women's Speed Chess Q2"]
[Site "chess.com INT"]
[Date "2021.05.29"]
[Round "1"]
[White "Sliwicka, Alicja"]
[Black "Nandhidhaa, P V"]
[Result "0-1"]
[WhiteTitle "WIM"]
[BlackTitle "WGM"]
[WhiteElo "2346"]
[BlackElo "2365"]
[WhiteFideId "1150677"]
[BlackFideId "5050847"]
[EventDate "2021.05.29"]

1. e4 c5 2. Nf3 Nc6 3. d4 cxd4 4. Nxd4 Nf6 5. Nc3 d6 6. Bg5 e6 7. Bb5 Bd7 8.
Bxc6 bxc6 9. Qf3 e5 10. Nf5 Bxf5 11. Qxf5 Be7 12. O-O-O O-O 13. Rd3 Qc8 14. Qxc8
Raxc8 15. Rhd1 Rfd8 16. Bxf6 gxf6 17. Ne2 f5 18. exf5 d5 19. c4 e4 20. Rg3+ Kf8
21. Kc2 Bf6 22. Rg4 h5 23. Rg3 d4 24. Kc1 Rb8 25. b3 a5 26. Rh3 a4 27. Ng3 Bg5+
28. Kb2 e3 29. Rxh5 Bf6 30. Rd3 exf2 31. Rh6 Bg7 32. Rh4 Re8 33. Rf4 axb3 34.
axb3 Re3 35. Rf3 Rxf3 36. gxf3 Re8 37. Rd2 d3+ 38. Ka3 Re2 39. Rxd3 Re1 40. Rd2
c5 41. Ka4 f1=Q 42. Nxf1 Rxf1 43. Kb5 Bd4 44. b4 Rb1 45. Kc6 Rxb4 46. Kd5 Rb3
47. f4 Rf3 48. Rg2 Rxf4 49. Rg5 f6 50. Rh5 Kg7 51. Ke6 Re4+ 52. Kd6 Re5 53. h3
Re3 54. Rh4 Rg3 55. Ke6 Re3+ 56. Kd6 Re5 57. Rh5 Re4 58. Kd7 Rf4 59. Kd6 Rf3 60.
Kd5 Re3 61. Rh4 Ra3 62. Rg4+ Kf7 63. Kd6 Ra6+ 64. Kd5 Ra8 65. Rh4 Rd8+ 66. Ke4
Re8+ 67. Kd3 Re5 68. Rh7+ Kg8 69. Rc7 Rxf5 70. h4 Rh5 71. Ke4 Rxh4+ 72. Kd5 Rh7
73. Ke6 Rxc7 74. Kf5 Ra7 75. Kg6 Ra4 0-1

[Event "Women's Speed Chess Q2"]
[Site "chess.com INT"]
[Date "2021.05.29"]
[Round "1"]
[White "Doluhanova, Evgeniya"]
[Black "Nguyen, Hong Anh"]
[Result "1/2-1/2"]
[WhiteTitle "WGM"]
[BlackTitle "WIM"]
[WhiteElo "2207"]
[BlackElo "1993"]
[WhiteFideId "14112035"]
[BlackFideId "12406732"]
[EventDate "2021.05.29"]

1. e4 c5 2. Nf3 Nc6 3. Bb5 g6 4. O-O Bg7 5. Re1 Nf6 6. c3 O-O 7. h3 d6 8. d4
cxd4 9. cxd4 Qb6 10. Bf1 Rd8 11. Nc3 Bd7 12. b3 Rac8 13. Bb2 Nb4 14. a3 Nc6 15.
b4 a6 16. Rc1 Na7 17. Qb3 Nb5 18. e5 dxe5 19. dxe5 Be6 20. Qa4 Nxc3 21. Bxc3 Nd5
22. Bd4 Bd7 23. Bxb6 Bxa4 24. Bxd8 Rxd8 25. e6 f5 26. Ne5 Bh6 27. Rc5 Bd2 28.
Nf7 Bxe1 29. Nxd8 Nf4 30. Rc8 Kg7 31. g3 Nd5 32. Bg2 Nb6 33. Rc7 Kf6 34. Rxb7
Nc4 35. Bf1 Nxa3 36. Bxa6 Nc2 37. b5 Nd4 38. Nc6 Nxc6 39. bxc6 Bxc6 40. Rb6 Bd5
41. Bb7 Bxb7 42. Rxb7 Kxe6 43. Rb8 Bc3 44. Rc8 Bf6 45. Kg2 Kd7 46. Ra8 Ke6 47.
h4 h6 48. f4 Kf7 49. Kf3 g5 50. h5 g4+ 51. Kg2 Bd4 52. Rc8 Bf6 53. Rc5 Ke6 54.
Rc6+ Kf7 55. Ra6 Kg7 56. Ra5 e6 57. Ra7+ Kf8 58. Rb7 Be7 59. Kf1 Kf7 60. Ke2 Kf6
61. Kd3 Bc5 62. Rh7 Bf8 63. Rd7 e5 64. fxe5+ Kxe5 65. Ke2 Ke4 66. Rf7 Bd6 67.
Kf2 Bc5+ 68. Kg2 Be3 69. Re7+ Kd3 70. Re5 f4 71. gxf4 Bxf4 72. Re6 Bg5 73. Kg3
Kd4 74. Kxg4 Bc1 75. Rg6 Ke5 76. Rg8 Bd2 77. Rf8 Ke6 78. Rf5 Ke7 79. Rf2 Bf4 80.
Rf3 Bg5 81. Rf4 Bxf4 82. Kxf4 Kf6 83. Kg4 Ke5 84. Kh4 Kf5 85. Kh3 Kg5 86. Kg3
Kxh5 87. Kh3 Kg5 88. Kg3 h5 89. Kh3 h4 90. Kg2 Kh5 91. Kh3 Kg5 92. Kh2 Kg4 93.
Kg2 h3+ 94. Kh2 Kh4 95. Kh1 Kg3 96. Kg1 h2+ 97. Kh1 Kh3 1/2-1/2

[Event "Women's Speed Chess Q2"]
[Site "chess.com INT"]
[Date "2021.05.29"]
[Round "1"]
[White "Mrudul, Dehankar"]
[Black "Golubeva, Oksana"]
[Result "1-0"]
[WhiteTitle "WIM"]
[BlackTitle "WFM"]
[WhiteElo "2256"]
[BlackElo "2179"]
[WhiteFideId "25096990"]
[BlackFideId "4170164"]
[EventDate "2021.05.29"]

1. e4 e6 2. d4 d5 3. Nd2 Nf6 4. e5 Nfd7 5. Bd3 c5 6. c3 Nc6 7. Ne2 cxd4 8. cxd4
f6 9. Nf4 Nxd4 10. Qh5+ Ke7 11. exf6+ Nxf6 12. Ng6+ hxg6 13. Qxh8 Kf7 14. O-O e5
15. Nb3 Nf5 16. Bg5 e4 17. Be2 Be6 18. Rac1 d4 19. Bc4 Be7 20. Bxe6+ Kxe6 21.
Qh3 Kf7 22. Rfd1 Qd5 23. Bxf6 Bxf6 24. Rc7+ Kg8 25. Qg4 Be5 26. Rc5 Qd6 27. Qxe4
Bxh2+ 28. Kh1 Bg3 29. Rd5 Qf6 30. Rxf5 gxf5 31. Qd5+ Kh7 32. fxg3 Rd8 33. Qf3 b6
34. Kg1 Qe5 35. Kf2 d3 36. Qe3 Qxb2+ 37. Rd2 Qc3 38. Qf4 Kg8 39. Rd1 a5 40. Rd2
a4 41. Qxa4 Qe5 42. Qf4 Qc3 43. Qe3 Rd6 44. Qe8+ Kh7 45. Qe3 Rf6 46. Rd1 f4 47.
gxf4 Qb4 48. Rh1+ Kg6 49. g3 Qc3 50. Rd1 Qc2+ 51. Rd2 Qb1 52. Qxd3+ Qxd3 53.
Rxd3 Rc6 54. Nd4 Rc4 55. Ke3 Ra4 56. Rd2 Ra3+ 57. Nb3 Kf5 58. Kf3 Ra4 59. g4+
Ke6 60. Ke3 g5 61. f5+ Ke5 62. Rg2 Re4+ 63. Kd3 Rf4 64. Re2+ Kd5 65. Rg2 Rf3+
66. Kc2 Rf4 67. Nd2 Kd4 68. Nb3+ Ke3 69. Kc3 Kf3 70. Rd2 Rxg4 71. f6 Rf4 72. Rd6
g4 73. Nd4+ Kf2 74. Re6 g3 75. Ne2 Rf3+ 76. Kd4 g2 77. Kd5 Rd3+ 78. Kc6 Rd2 79.
f7 Rxe2 80. f8=Q+ Ke1 81. Rxe2+ Kxe2 82. Qg7 Kf1 83. Qf6+ Ke1 84. Qg5 g1=Q 85.
Qxg1+ 1-0

[Event "Women's Speed Chess Q2"]
[Site "chess.com INT"]
[Date "2021.05.29"]
[Round "1"]
[White "Pham, Le Thao Nguyen"]
[Black "Shvedova, Alexandra"]
[Result "1/2-1/2"]
[WhiteTitle "IM"]
[BlackTitle "WFM"]
[WhiteElo "2369"]
[BlackElo "1976"]
[WhiteFideId "12401226"]
[BlackFideId "54154782"]
[EventDate "2021.05.29"]

1. d4 d5 2. Nf3 Nf6 3. c4 e6 4. Nc3 Be7 5. Bf4 O-O 6. e3 Nbd7 7. Qc2 dxc4 8.
Bxc4 c5 9. Rd1 Qa5 10. O-O cxd4 11. Nxd4 Nb6 12. Nb3 Qh5 13. Be2 Qg6 14. Qxg6
hxg6 15. Bg5 Bd7 16. Bf3 Bc6 17. Bxc6 bxc6 18. Nd4 Rac8 19. Rc1 c5 20. Nde2 Nfd5
21. Bxe7 Nxe7 22. Nb5 a6 23. Nd6 Rc6 24. Nc4 Ned5 25. Na5 Rcc8 26. Nc3 Nb4 27.
Rfd1 Rfd8 28. Kf1 c4 29. Ke2 N6d5 30. Nxd5 exd5 31. b3 Nxa2 32. Rc2 Nb4 33. Rc3
cxb3 34. Rxb3 Nc6 35. Nb7 Rd7 36. Nc5 Rdd8 37. Nxa6 d4 38. Rbd3 dxe3 39. Rxd8+
Rxd8 40. Rxd8+ Nxd8 41. Kxe3 Kf8 42. Nc5 Ke7 43. Ke4 f6 44. f4 Nf7 45. g4 Nd6+
46. Kd5 Ne8 47. Ne6 f5 48. g5 Kf7 49. Ke5 Ke7 50. h4 Kf7 51. Kd5 Ke7 52. Nd4
Nc7+ 53. Ke5 Kf7 54. Kd6 Ne8+ 55. Kd7 Kf8 56. Ne6+ Kf7 57. Nd8+ Kf8 58. Nc6 Kf7
59. Ne5+ Kf8 60. Nxg6+ Kf7 61. Ne5+ Kf8 62. Ke6 Nc7+ 63. Kxf5 Nd5 64. h5 Ke7 65.
Ng6+ Kf7 66. Ne5+ Ke7 67. Ke4 Nc7 68. f5 Kf8 69. Ng6+ Kg8 70. Ke5 Nb5 71. Ne7+
Kf7 72. Nd5 Na7 73. Nf4 Nc6+ 74. Ke4 Ne7 75. Ng6 Nxg6 76. hxg6+ Kg8 77. Ke5 Kh8
78. Ke6 Kg8 79. Ke5 Kh8 80. f6 Kg8 81. Kf5 Kh8 82. Kg4 Kg8 83. Kh4 Kh8 84. fxg7+
Kxg7 85. Kh5 Kg8 86. Kh6 Kh8 87. Kh5 Kg7 88. Kh4 Kxg6 89. Kg4 Kg7 90. Kh4 Kg6
91. Kg4 Kg7 92. Kh5 Kh7 93. g6+ Kg7 94. Kg5 Kg8 95. Kh6 Kh8 96. g7+ Kg8 97. Kg6 1/2-1/2

[Event "Women's Speed Chess Q2"]
[Site "chess.com INT"]
[Date "2021.05.29"]
[Round "2"]
[White "Perez Rodriguez, Jennifer"]
[Black "Cyfka, Karina"]
[Result "0-1"]
[WhiteTitle "WIM"]
[BlackTitle "IM"]
[WhiteElo "2251"]
[BlackElo "2415"]
[WhiteFideId "3507831"]
[BlackFideId "1122681"]
[EventDate "2021.05.29"]

1. e4 e5 2. Nc3 Nf6 3. f4 d5 4. fxe5 Nxe4 5. Nf3 Bc5 6. d4 Bb4 7. Bd2 Bxc3 8.
bxc3 O-O 9. Bd3 c5 10. O-O Nc6 11. Be1 Bg4 12. Be2 h6 13. Rb1 b6 14. Bh4 Nxc3
15. Qe1 Nxe2+ 16. Qxe2 Bxf3 0-1

[Event "Women's Speed Chess Q2"]
[Site "chess.com INT"]
[Date "2021.05.29"]
[Round "2"]
[White "Kanyamarala, Trisha"]
[Black "Sliwicka, Alicja"]
[Result "1-0"]
[WhiteTitle "WIM"]
[BlackTitle "WIM"]
[WhiteElo "2180"]
[BlackElo "2346"]
[WhiteFideId "45004722"]
[BlackFideId "1150677"]
[EventDate "2021.05.29"]

1. e4 c5 2. Nf3 d6 3. d4 cxd4 4. Qxd4 Nf6 5. Bb5+ Bd7 6. Bxd7+ Qxd7 7. c4 Nc6 8.
Qd1 g6 9. Nc3 Bg7 10. O-O O-O 11. Re1 Rac8 12. Be3 a6 13. Rc1 Na5 14. b3 b5 15.
cxb5 axb5 16. Nd5 Rxc1 17. Qxc1 Rc8 18. Qxc8+ Qxc8 19. Nxe7+ Kf8 20. Nxc8 Nxe4
21. Bb6 1-0

[Event "Women's Speed Chess Q2"]
[Site "chess.com INT"]
[Date "2021.05.29"]
[Round "2"]
[White "Li, Xueyi"]
[Black "Selkirk, Rebecca"]
[Result "1-0"]
[WhiteTitle "WGM"]
[BlackTitle "WCM"]
[WhiteElo "2328"]
[BlackElo "1799"]
[WhiteFideId "8605912"]
[BlackFideId "14306514"]
[EventDate "2021.05.29"]

1. d4 d5 2. Nf3 Nf6 3. g3 c5 4. Bg2 Nc6 5. O-O Bg4 6. c3 e6 7. h3 Bh5 8. a4 Be7
9. a5 O-O 10. a6 Qb6 11. axb7 Qxb7 12. Na3 Na5 13. dxc5 Bxc5 14. b4 Bxb4 15.
cxb4 Qxb4 16. Nc2 Qc5 17. Ba3 1-0

[Event "Women's Speed Chess Q2"]
[Site "chess.com INT"]
[Date "2021.05.29"]
[Round "2"]
[White "Berend, Elvira"]
[Black "Doluhanova, Evgeniya"]
[Result "1/2-1/2"]
[WhiteTitle "WGM"]
[BlackTitle "WGM"]
[WhiteElo "2326"]
[BlackElo "2207"]
[WhiteFideId "4000510"]
[BlackFideId "14112035"]
[EventDate "2021.05.29"]

1. e4 e5 2. Nf3 Nc6 3. Bb5 Nf6 4. d3 Bc5 5. O-O d5 6. exd5 Qxd5 7. Nc3 Qd6 8.
Bg5 Bg4 9. h3 Bh5 10. Bxc6+ bxc6 11. Bxf6 gxf6 12. Ne4 Qe7 13. g4 Rg8 14. Nh4
Bg6 15. Qf3 Bxe4 16. Qxe4 Kd7 17. Nf5 Qe6 18. c3 h5 19. Kg2 hxg4 20. hxg4 Rg5
21. f3 Rag8 22. Kh3 Rh8+ 23. Kg2 Rhg8 24. Kh3 Rh8+ 25. Kg2 Rhg8 1/2-1/2

[Event "Women's Speed Chess Q2"]
[Site "chess.com INT"]
[Date "2021.05.29"]
[Round "2"]
[White "Frayna, Janelle Mae"]
[Black "Sargsyan, Anna M."]
[Result "1-0"]
[WhiteTitle "WGM"]
[BlackTitle "WGM"]
[WhiteElo "2179"]
[BlackElo "2385"]
[WhiteFideId "5212499"]
[BlackFideId "13308130"]
[EventDate "2021.05.29"]

1. d4 d5 2. c4 c6 3. Nc3 Nf6 4. e3 e6 5. Nf3 Nbd7 6. Bd3 dxc4 7. Bxc4 b5 8. Bd3
Bd6 9. O-O O-O 10. Bd2 Bb7 11. Rc1 a6 12. Ne4 Nxe4 13. Bxe4 Rc8 14. b4 e5 15.
dxe5 Nxe5 16. Nxe5 Bxe5 17. Qh5 g6 18. Qxe5 Qxd2 19. a3 Rfe8 20. Qf4 Qa2 21. Rc3
Rcd8 22. Rfc1 Qb2 23. h4 Rd2 24. h5 f5 25. Bxc6 Bxc6 26. Rxc6 1-0

[Event "Women's Speed Chess Q2"]
[Site "chess.com INT"]
[Date "2021.05.29"]
[Round "2"]
[White "Secopito, Catherine"]
[Black "Antova, Gabriela"]
[Result "1-0"]
[WhiteTitle "WIM"]
[BlackTitle "FM"]
[WhiteElo "2075"]
[BlackElo "2250"]
[WhiteFideId "5202744"]
[BlackFideId "2915235"]
[EventDate "2021.05.29"]

1. d4 d5 2. c4 dxc4 3. Nf3 Nf6 4. Nc3 a6 5. a4 e6 6. e3 c5 7. Bxc4 Be7 8. O-O
O-O 9. e4 cxd4 10. Nxd4 Nbd7 11. Be3 Ne5 12. Be2 Bd7 13. f4 Nc6 14. Qb3 Nxd4 15.
Bxd4 Bc6 16. Rad1 Qa5 17. Bf3 Qxc3 18. bxc3 1-0

[Event "Women's Speed Chess Q2"]
[Site "chess.com INT"]
[Date "2021.05.29"]
[Round "2"]
[White "Mahalakshmi, M"]
[Black "Dworakowska, Joanna"]
[Result "1-0"]
[WhiteTitle "WIM"]
[BlackTitle "IM"]
[WhiteElo "2253"]
[BlackElo "2322"]
[WhiteFideId "5001080"]
[BlackFideId "1107445"]
[EventDate "2021.05.29"]

1. d4 f5 2. c4 Nf6 3. Nc3 g6 4. Nf3 d6 5. g3 Bg7 6. Bg2 O-O 7. O-O Nc6 8. d5 Na5
9. Qd3 b5 10. cxb5 a6 11. b4 Ne4 12. Bb2 axb5 13. bxa5 b4 14. Nd1 Rxa5 15. Bxg7
Kxg7 16. Ne3 Kg8 17. Nd4 Nc5 18. Qd2 Ra4 19. Rfb1 e5 20. dxe6 Qf6 21. Nd5 Qe5
22. e7 Rf7 23. Nc6 Qe6 24. Nxc7 Qd7 25. e8=Q+ Qxe8 26. Nxe8 1-0

[Event "Women's Speed Chess Q2"]
[Site "chess.com INT"]
[Date "2021.05.29"]
[Round "2"]
[White "Bommini, Mounika Akshaya"]
[Black "Belenkaya, Dina"]
[Result "0-1"]
[WhiteTitle "WFM"]
[BlackTitle "WGM"]
[WhiteElo "2029"]
[BlackElo "2304"]
[WhiteFideId "25019872"]
[BlackFideId "24142654"]
[EventDate "2021.05.29"]

1. d4 d5 2. Bf4 c5 3. e3 Nc6 4. Nc3 cxd4 5. exd4 a6 6. Nf3 Nf6 7. Be2 Bf5 8. O-O
h6 9. a3 e6 10. Bd3 Bxd3 11. Qxd3 Bd6 12. Bg3 O-O 13. Rfe1 Rc8 14. Ne2 b5 15.
Bxd6 Qxd6 16. Ng3 Na5 17. Ne5 Nc4 18. Nxc4 bxc4 19. Qf3 Rb8 20. b3 Rfc8 21. b4
c3 22. Re3 Qb6 23. Rd1 Rc4 24. Rxc3 Rxd4 25. Rxd4 Qxd4 26. Qd3 Qb6 27. h3 h5 28.
Qe3 d4 0-1

[Event "Women's Speed Chess Q2"]
[Site "chess.com INT"]
[Date "2021.05.29"]
[Round "2"]
[White "Serikbay, Assel"]
[Black "Grigoryan, Meri"]
[Result "1-0"]
[WhiteTitle "WIM"]
[BlackTitle "WFM"]
[WhiteElo "2228"]
[BlackElo "2044"]
[WhiteFideId "13706799"]
[BlackFideId "13300571"]
[EventDate "2021.05.29"]

1. d4 d5 2. Nf3 Nf6 3. c4 c6 4. Nc3 e6 5. g3 Be7 6. Bg2 O-O 7. O-O Nbd7 8. Qc2
Nb6 9. c5 Nbd7 10. e4 dxe4 11. Nxe4 Nxe4 12. Qxe4 Nf6 13. Qc2 Nd5 14. Ne5 f6 15.
Nd3 Qc7 16. Re1 b6 17. Nf4 Nxf4 18. Bxf4 Qd8 19. Bxc6 Ba6 20. Bxa8 Qxa8 21. Rxe6
bxc5 22. Rxe7 1-0

[Event "Women's Speed Chess Q2"]
[Site "chess.com INT"]
[Date "2021.05.29"]
[Round "2"]
[White "Fernandez, Maria Florencia"]
[Black "Assaubayeva, Bibisara"]
[Result "0-1"]
[WhiteTitle "WIM"]
[BlackTitle "IM"]
[WhiteElo "2229"]
[BlackElo "2381"]
[WhiteFideId "116459"]
[BlackFideId "13708694"]
[EventDate "2021.05.29"]

1. d4 Nf6 2. c4 g6 3. Nc3 Bg7 4. e4 d6 5. Be2 O-O 6. Be3 c5 7. d5 e6 8. Nf3 exd5
9. cxd5 Bg4 10. Nd2 Bxe2 11. Qxe2 Re8 12. O-O Na6 13. f3 Nc7 14. Qd3 b5 15. Rfe1
b4 16. Nd1 Nd7 17. Nc4 Ne5 18. Nxe5 Bxe5 19. Qd2 Nb5 20. Nf2 Nd4 21. Nd3 Bg7 22.
Nf4 a5 23. Ne2 Nxe2+ 24. Qxe2 a4 25. Rac1 Qb6 26. Qd2 a3 27. b3 Bc3 28. Rxc3
bxc3 29. Qxc3 Qb4 30. Qc1 Rac8 31. Kh1 c4 32. bxc4 Rxc4 33. Qd1 Rec8 34. h4 Qb2
35. Re2 Rc1 36. Bxc1 Rxc1 0-1

[Event "Women's Speed Chess Q2"]
[Site "chess.com INT"]
[Date "2021.05.29"]
[Round "2"]
[White "Eswaran, Ashritha"]
[Black "Makhija, Aashna"]
[Result "1-0"]
[WhiteTitle "WIM"]
[BlackTitle "WIM"]
[WhiteElo "2244"]
[BlackElo "1969"]
[WhiteFideId "2080788"]
[BlackFideId "25011944"]
[EventDate "2021.05.29"]

1. e4 e6 2. d4 d5 3. Nc3 Nf6 4. Bg5 dxe4 5. Nxe4 Be7 6. Bxf6 gxf6 7. Nf3 f5 8.
Nc3 a6 9. g3 b5 10. Bg2 Bb7 11. Qd2 c5 12. d5 b4 13. Ne2 Qxd5 14. Qf4 Qe4 15.
Qc7 Qc6 16. Qe5 f6 17. Qf4 Nd7 18. Nh4 Qb6 19. Bxb7 Qxb7 20. O-O-O O-O-O 21. Qc4
Qb6 22. Nd4 Nf8 23. Rhe1 Kb8 24. Nxe6 Rxd1+ 25. Kxd1 Qd6+ 26. Kc1 Nd7 27. Nxf5 1-0

[Event "Women's Speed Chess Q2"]
[Site "chess.com INT"]
[Date "2021.05.29"]
[Round "2"]
[White "Mendoza, Shania Mae"]
[Black "Singgih, Diajeng Theresa"]
[Result "1-0"]
[WhiteTitle "WFM"]
[BlackTitle "WFM"]
[WhiteElo "2158"]
[BlackElo "1972"]
[WhiteFideId "5211158"]
[BlackFideId "7104391"]
[EventDate "2021.05.29"]

1. e4 e5 2. Nf3 Nc6 3. Bc4 Bc5 4. O-O Nf6 5. d3 d6 6. h3 h6 7. c3 O-O 8. Re1 Bb6
9. Nbd2 Be6 10. Nf1 Bxc4 11. dxc4 a5 12. Ng3 Ne7 13. b3 Nh7 14. Be3 Bxe3 15.
Rxe3 f5 16. Rd3 f4 17. Ne2 b6 18. Nxe5 Qc8 19. Nf3 Nc6 20. Ned4 Ne5 21. Nxe5
dxe5 22. Nf3 Nf6 23. Nxe5 Nxe4 24. Ng6 Rf7 25. Qf3 Ng5 26. Qc6 f3 27. h4 Nh3+
28. gxh3 Qxh3 29. Qxa8+ Kh7 30. Rxf3 Rxf3 31. Qe4 Kg8 32. Rd1 1-0